[Event "AUT-chT2M 1415"]
[Site "Austria"]
[Date "2014.10.05"]
[Round "3.4"]
[White "Pesorda, Ivan"]
[Black "Horvath, Tamas"]
[Result "1-0"]
[WhiteElo "2251"]
[BlackElo "2381"]
[PlyCount "90"]
[EventDate "2014.10.03"]
[EventType "team-tourn"]
[EventRounds "11"]
[EventCountry "AUT"]
[SourceTitle "EXT 2015"]
[Source "ChessBase"]
[SourceDate "2014.11.20"]
[SourceVersion "1"]
[SourceVersionDate "2014.11.20"]
[SourceQuality "1"]
[WhiteTeam "Graz Strassenbahn"]
[BlackTeam "Gleisdorf"]
[WhiteTeamCountry "AUT"]
[BlackTeamCountry "AUT"]

1. d4 e6 2. Nf3 c5 3. c4 cxd4 4. Nxd4 Nf6 5. Nc3 Bb4 6. Ndb5 0-0 7. a3 Bxc3+ 8. Nxc3 d5 9. e3 Nc6 10. cxd5 exd5 11. Be2 Bf5 12. 0-0 Qd7 13. Nb5 Rac8 14. b3 Ne4 15. Bb2 Nc5 16. Rc1 Ne6 17. Qd2 Rfd8 18. Rfd1 Qe7 19. b4 Qg5 20. Kh1 Bg4 21. Bxg4 Qxg4 22. h3 Qg6 23. Nd4 Ncxd4 24. Bxd4 b6 25. Rc3 h6 26. Rd3 Nxd4 27. Rxd4 Rc2 28. Qe1 Rb2 29. Kg1 Qc2 30. Qd2 Qb3 31. Qd3 Qa2 32. Qf5 Qb3 33. R1d3 Qc2 34. e4 Rd6 35. e5 Rg6 36. g4 Rg5 37. Qf4 Rb1+ 38. Kg2 Re1 39. Rxd5 Qb1 40. Rd8+ Kh7 41. Qxf7 Rg1+ 42. Kf3 R1xg4 43. Qg8+ Kg6 44. R8d6+ Kh5 45. hxg4+ Kh4 1-0

[Event "AUT-chT2M 1415"]
[Site "Austria"]
[Date "2014.10.03"]
[Round "1.4"]
[White "Freitag, Manfred"]
[Black "Pesorda, Ivan"]
[Result "1-0"]
[WhiteElo "2382"]
[BlackElo "2251"]
[PlyCount "35"]
[EventDate "2014.10.03"]
[EventType "team-tourn"]
[EventRounds "11"]
[EventCountry "AUT"]
[SourceTitle "EXT 2015"]
[Source "ChessBase"]
[SourceDate "2014.11.20"]
[SourceVersion "1"]
[SourceVersionDate "2014.11.20"]
[SourceQuality "1"]
[WhiteTeam "Fuerstenfeld/Hartberg"]
[BlackTeam "Graz Strassenbahn"]
[WhiteTeamCountry "AUT"]
[BlackTeamCountry "AUT"]

1. d4 d5 2. c4 c6 3. Nf3 Nf6 4. Nc3 a6 5. a4 Bf5 6. g3 h6 7. Bg2 e6 8. Qb3 Ra7 9. 0-0 Nbd7 10. cxd5 cxd5 11. Bf4 g5 12. Be3 Ng4 13. Bc1 Qb6 14. Qd1 Bd6 15. h3 Ngf6 16. Ne5 Nxe5 17. dxe5 Bxe5 18. e4 1-0

[Event "AUT-chT2M 1314"]
[Site "Austria"]
[Date "2014.03.21"]
[Round "6.5"]
[White "Humer, Wolfgang"]
[Black "Pesorda, Ivan"]
[Result "1/2-1/2"]
[WhiteElo "2279"]
[BlackElo "2237"]
[PlyCount "156"]
[EventDate "2013.10.04"]
[EventType "team-tourn"]
[EventRounds "11"]
[EventCountry "AUT"]
[SourceTitle "EXT 2015"]
[Source "ChessBase"]
[SourceDate "2014.11.20"]
[SourceVersion "1"]
[SourceVersionDate "2014.11.20"]
[SourceQuality "1"]
[WhiteTeam "Grieskirchen/Sedda"]
[BlackTeam "Graz Strassenbahn"]
[WhiteTeamCountry "AUT"]
[BlackTeamCountry "AUT"]

1. e4 c5 2. Nf3 e6 3. Qe2 Nc6 4. g3 g6 5. Bg2 Bg7 6. 0-0 Nge7 7. e5 d6 8. exd6 Nf5 9. Nc3 Qxd6 10. Ne4 Qe7 11. c3 Bd7 12. d3 h6 13. g4 Nh4 14. Nxh4 Qxh4 15. Nxc5 Bc8 16. d4 0-0 17. h3 e5 18. d5 Nb8 19. Qf3 Qe7 20. Nxb7 e4 21. d6 exf3 22. dxe7 fxg2 23. exf8Q+ Kxf8 24. Kxg2 Bxb7+ 25. Kg3 Nd7 26. Be3 Nf6 27. f3 Nd5 28. Bc5+ Kg8 29. Rfe1 g5 30. Rad1 a6 31. c4 Nf4 32. Re7 Bf8 33. Rxb7 Bxc5 34. b4 Bd4 35. Rd7 Bf6 36. c5 Kg7 37. Re1 Rb8 38. a3 a5 39. Re4 axb4 40. axb4 Ra8 41. Rd2 Ra1 42. Rc2 Rb1 43. c6 Bd8 44. c7 Bxc7 45. Rxc7 Rb2 46. Rxf4 gxf4+ 47. Kxf4 Rxb4+ 48. Kg3 Rb3 49. Rc5 Ra3 50. h4 Rb3 51. Re5 Rb1 52. Kf4 Rh1 53. h5 Kf6 54. Ra5 Rf1 55. Ra6+ Kg7 56. Ke4 Rb1 57. Rd6 Re1+ 58. Kf5 Rh1 59. f4 Rh2 60. Rd4 Rh1 61. Ke5 Re1+ 62. Re4 Rh1 63. f5 Rf1 64. Re3 Rf2 65. Ke4 Kf6 66. Ra3 Kg5 67. Ra7 Kxg4 68. Rxf7 Re2+ 69. Kd5 Kxh5 70. Rg7 Kh4 71. f6 h5 72. f7 Rf2 73. Ke6 Re2+ 74. Kf6 Rf2+ 75. Kg6 Kg4 76. Rg8 h4 77. f8Q Rxf8 78. Rxf8 h3 1/2-1/2

[Event "AUT-chT2M 1213"]
[Site "Austria"]
[Date "2013.04.21"]
[Round "11.5"]
[White "Wiesinger, Robert"]
[Black "Pesorda, Ivan"]
[Result "1/2-1/2"]
[WhiteElo "2244"]
[BlackElo "2274"]
[PlyCount "72"]
[EventDate "2012.10.19"]
[EventType "team-tourn"]
[EventRounds "11"]
[EventCountry "AUT"]
[SourceTitle "EXT 2014"]
[Source "ChessBase"]
[SourceDate "2013.11.20"]
[SourceVersion "1"]
[SourceVersionDate "2013.11.20"]
[SourceQuality "1"]
[WhiteTeam "Steyregg"]
[BlackTeam "Graz Strassenbahn"]
[WhiteTeamCountry "AUT"]
[BlackTeamCountry "AUT"]

1. e4 c5 2. Nf3 e6 3. Nc3 Nc6 4. d4 cxd4 5. Nxd4 d6 6. Be2 Nf6 7. 0-0 Be7 8. Be3 a6 9. a4 0-0 10. f4 Qc7 11. Kh1 Kh8 12. Bf3 Nxd4 13. Qxd4 e5 14. Qd2 exf4 15. Bxf4 Be6 16. Rad1 Rad8 17. Be2 Qa5 18. Bg5 Rfe8 19. Rf3 Ng4 20. Bxe7 Rxe7 21. Qf4 Qe5 22. h3 Qxf4 23. Rxf4 Ne5 24. Rff1 Kg8 25. Rd4 Nc6 26. Rd2 Kf8 27. Rfd1 Red7 28. Nb1 Ne5 29. b3 d5 30. exd5 Rxd5 31. Rxd5 Rxd5 32. Rxd5 Bxd5 33. Kg1 Be4 34. Bd1 Ke7 35. Kf2 Kd6 36. Nd2 Bd5 1/2-1/2

[Event "AUT-chT2M 1213"]
[Site "Austria"]
[Date "2013.03.22"]
[Round "6.4"]
[White "Pesorda, Ivan"]
[Black "Matosec, Thomas"]
[Result "1-0"]
[WhiteElo "2274"]
[BlackElo "2087"]
[PlyCount "81"]
[EventDate "2012.10.19"]
[EventType "team-tourn"]
[EventRounds "11"]
[EventCountry "AUT"]
[SourceTitle "EXT 2014"]
[Source "ChessBase"]
[SourceDate "2013.11.20"]
[SourceVersion "1"]
[SourceVersionDate "2013.11.20"]
[SourceQuality "1"]
[WhiteTeam "Graz Strassenbahn"]
[BlackTeam "Graz Styria"]
[WhiteTeamCountry "AUT"]
[BlackTeamCountry "AUT"]

1. d4 f5 2. Nc3 Nf6 3. f3 d5 4. Bg5 Be6 5. Qd3 Nc6 6. 0-0-0 Qd7 7. h4 0-0-0 8. Na4 b6 9. e3 Kb8 10. Nh3 Nh5 11. Bf4 Nxf4 12. Nxf4 Bf7 13. Qc3 e5 14. Nd3 e4 15. Nf4 Bb4 16. Qb3 Qe7 17. a3 Bd6 18. Nxd5 Na5 19. Nxe7 Nxb3+ 20. cxb3 Bxe7 21. Bc4 Bh5 22. Rdf1 c6 23. Nc3 exf3 24. gxf3 f4 25. d5 b5 26. Bd3 fxe3 27. Be4 b4 28. axb4 Bxb4 29. dxc6 Bf7 30. Re1 Bc5 31. b4 Bb6 32. Na4 Bd4 33. Nc5 Kc8 34. Rd1 Rd6 35. Kc2 Bg6 36. Rxd4 Bxe4+ 37. Rxe4 Rxc6 38. Rxe3 a5 39. Rhe1 Kd8 40. Rd1+ Kc8 41. Ra1 1-0

[Event "AUT-chT2M 1112"]
[Site "Austria"]
[Date "2012.03.04"]
[Round "9.4"]
[White "Pesorda, Ivan"]
[Black "Wiesinger, Robert"]
[Result "1-0"]
[WhiteElo "2278"]
[BlackElo "2277"]
[PlyCount "87"]
[EventDate "2011.10.21"]
[EventType "team-tourn"]
[EventRounds "11"]
[EventCountry "AUT"]
[SourceTitle "EXT 2013"]
[Source "ChessBase"]
[SourceDate "2012.11.22"]
[SourceVersion "1"]
[SourceVersionDate "2012.11.22"]
[SourceQuality "1"]
[WhiteTeam "Graz Strassenbahn"]
[BlackTeam "Steyregg"]
[WhiteTeamCountry "AUT"]
[BlackTeamCountry "AUT"]

1. d4 d5 2. c4 dxc4 3. e4 Nc6 4. Nf3 Bg4 5. d5 Ne5 6. Nbd2 e6 7. Qa4+ Qd7 8. Qxd7+ Nxd7 9. dxe6 Bxe6 10. Nd4 Nb6 11. Nxe6 fxe6 12. Bxc4 Nxc4 13. Nxc4 Nf6 14. f3 Bc5 15. Bf4 0-0-0 16. Ke2 Rhf8 17. g3 Nd7 18. Rac1 Nb6 19. Na3 Bd6 20. Bxd6 Rxd6 21. Nb5 Rd7 22. Nxa7+ Kb8 23. Nb5 Rfd8 24. Rhd1 c6 25. Rxd7 Rxd7 26. Na3 Kc7 27. Rc3 Rd8 28. Nc4 Nxc4 29. Rxc4 Rd7 30. Rc2 Rf7 31. f4 e5 32. Kf3 exf4 33. gxf4 g6 34. Rd2 Rf8 35. h4 b5 36. b4 Ra8 37. e5 Rf8 38. Ke4 Re8 39. Kf3 Rf8 40. Kg4 Ra8 41. Kg5 Ra4 42. a3 Rxa3 43. Rd4 Rc3 44. e6 1-0

[Event "AUT-chT2M 1112"]
[Site "Austria"]
[Date "2012.03.02"]
[Round "7.4"]
[White "Petschar, Kurt"]
[Black "Pesorda, Ivan"]
[Result "1-0"]
[WhiteElo "2312"]
[BlackElo "2278"]
[PlyCount "47"]
[EventDate "2011.10.21"]
[EventType "team-tourn"]
[EventRounds "11"]
[EventCountry "AUT"]
[SourceTitle "EXT 2013"]
[Source "ChessBase"]
[SourceDate "2012.11.22"]
[SourceVersion "1"]
[SourceVersionDate "2012.11.22"]
[SourceQuality "1"]
[WhiteTeam "Die Klagenfurter"]
[BlackTeam "Graz Strassenbahn"]
[WhiteTeamCountry "AUT"]
[BlackTeamCountry "AUT"]

1. d4 Nf6 2. Nf3 c5 3. d5 e6 4. c4 exd5 5. cxd5 d6 6. Nc3 g6 7. h3 Bg7 8. e4 0-0 9. Bd3 Bd7 10. Bf4 Re8 11. 0-0 b5 12. Bxd6 b4 13. Nb5 Nxe4 14. Be2 Na6 15. Nd2 Qb6 16. Nxe4 Bxb5 17. Bxb5 Rxe4 18. Qa4 Nb8 19. Rfe1 Bxb2 20. Rxe4 Bxa1 21. Re8+ Kg7 22. Bc6 Nxc6 23. Rxa8 Nd4 24. Qe8 1-0

[Event "Steyr Landesliga 1112"]
[Site "Austria"]
[Date "2012.02.04"]
[Round "8.2"]
[White "Cigan, Stefan"]
[Black "Pesorda, Ivan"]
[Result "1-0"]
[WhiteElo "2343"]
[BlackElo "2278"]
[PlyCount "51"]
[EventDate "2011.09.24"]
[EventType "team-tourn"]
[EventRounds "11"]
[EventCountry "AUT"]
[SourceTitle "EXT 2013"]
[Source "ChessBase"]
[SourceDate "2012.11.22"]
[SourceVersion "1"]
[SourceVersionDate "2012.11.22"]
[SourceQuality "1"]
[WhiteTeam "Frauental"]
[BlackTeam "Graz Strassenbahn"]
[WhiteTeamCountry "AUT"]
[BlackTeamCountry "AUT"]

1. e4 c5 2. Nf3 e6 3. c3 d5 4. e5 d4 5. Bd3 Nc6 6. 0-0 Nge7 7. Re1 Nf5 8. Na3 Rb8 9. Be4 Bd7 10. Nc2 dxc3 11. dxc3 Be7 12. Bf4 g5 13. Bxf5 gxf4 14. Bg4 h5 15. Bh3 Bf8 16. Qe2 Qc7 17. Na3 a6 18. Nc4 b5 19. Nd6+ Bxd6 20. exd6 Qxd6 21. Rad1 Qc7 22. Ng5 Rh6 23. Ne4 c4 24. Nd6+ Kf8 25. Qf3 Kg7 26. Qxf4 1-0

[Event "Steyr Landesliga 1112"]
[Site "Austria"]
[Date "2011.10.29"]
[Round "4.2"]
[White "Kiss, Attila"]
[Black "Pesorda, Ivan"]
[Result "1-0"]
[WhiteElo "2358"]
[BlackElo "2278"]
[PlyCount "67"]
[EventDate "2011.09.24"]
[EventType "team-tourn"]
[EventRounds "11"]
[EventCountry "AUT"]
[SourceTitle "EXT 2013"]
[Source "ChessBase"]
[SourceDate "2012.11.22"]
[SourceVersion "1"]
[SourceVersionDate "2012.11.22"]
[SourceQuality "1"]
[WhiteTeam "Hartberg"]
[BlackTeam "Graz Strassenbahn"]
[WhiteTeamCountry "AUT"]
[BlackTeamCountry "AUT"]

1. d4 Nf6 2. c4 c5 3. d5 e6 4. Nc3 exd5 5. cxd5 d6 6. Nf3 g6 7. e4 Bg7 8. h3 0-0 9. Bd3 Bd7 10. Bf4 Re8 11. 0-0 b5 12. Bxd6 b4 13. Nb5 c4 14. Bxc4 Rxe4 15. Nbd4 Bxh3 16. Bxb8 Qxb8 17. gxh3 Qc8 18. Bd3 Qxh3 19. Bxe4 Qg4+ 20. Kh1 Nxe4 21. Nh2 Qh4 22. Nc6 Nxf2+ 23. Rxf2 Qxf2 24. Qf3 Qxb2 25. Rf1 Rf8 26. d6 Be5 27. Nxe5 Qxe5 28. d7 Qe6 29. Rd1 Rd8 30. Qb7 Qe2 31. Qd5 Kf8 32. Nf3 f6 33. Re1 Qa6 34. Nd4 1-0

[Event "AUT-chT2M 1011"]
[Site "Austria"]
[Date "2011.04.09"]
[Round "10.4"]
[White "Pesorda, Ivan"]
[Black "Wegerer, Fred"]
[Result "1-0"]
[WhiteElo "2273"]
[BlackElo "2218"]
[PlyCount "139"]
[EventDate "2010.10.16"]
[EventType "team-tourn"]
[EventRounds "11"]
[EventCountry "AUT"]
[SourceTitle "EXT 2012"]
[Source "ChessBase"]
[SourceDate "2011.11.24"]
[SourceVersion "1"]
[SourceVersionDate "2011.11.24"]
[SourceQuality "1"]
[WhiteTeam "Graz Strassenbahn"]
[BlackTeam "Wolfsberg"]
[WhiteTeamCountry "AUT"]
[BlackTeamCountry "AUT"]

1. d4 d5 2. c4 c6 3. Nf3 Nf6 4. Nc3 dxc4 5. a4 Bf5 6. e3 e6 7. Bxc4 Bb4 8. 0-0 0-0 9. Nh4 Bg4 10. f3 Bh5 11. g4 Nd5 12. Qe1 Be7 13. Ng2 Bg6 14. Qf2 Nb4 15. e4 c5 16. d5 e5 17. h4 h6 18. Be3 Nd7 19. Rfd1 Bd6 20. Nb5 Qe7 21. Kh2 h5 22. g5 b6 23. Rg1 a6 24. Nc3 Kh7 25. Qe2 Nb8 26. Rae1 Ra7 27. Bc1 f5 28. Rgf1 f4 29. Rd1 Be8 30. Ne1 Bd7 31. Rh1 Qe8 32. b3 g6 33. Nc2 Nxc2 34. Qxc2 b5 35. Bd3 c4 36. bxc4 b4 37. Qf2 Rc7 38. Qb6 Qe7 39. Nb1 Bxa4 40. Rd2 Nd7 41. Qa5 Bb3 42. Rb2 Bxc4 43. Bxc4 Rxc4 44. Qxa6 Rfc8 45. Bd2 R8c7 46. Rd1 Rd4 47. Qe2 Rcc4 48. Rc1 Nb6 49. Rxc4 Rxc4 50. Qd3 Qc7 51. Ra2 Qc5 52. Kg2 Kg8 53. Ra7 Nc8 54. Rb7 Bf8 55. Kf1 Nd6 56. Rb8 Qc7 57. Rxb4 Rc1+ 58. Bxc1 Qxc1+ 59. Kg2 Nf5 60. exf5 Bc5 61. Rb8+ Kg7 62. f6+ Kf7 63. Rb7+ Kf8 64. Qf1 Qc2+ 65. Kh1 e4 66. Rc7 e3 67. Qb5 Qd1+ 68. Kg2 Qc2+ 69. Nd2 Qxd2+ 70. Kh3 1-0

[Event "AUT-chT2M 1011"]
[Site "Austria"]
[Date "2011.04.08"]
[Round "9.4"]
[White "Enoeckl, Philipp"]
[Black "Pesorda, Ivan"]
[Result "1/2-1/2"]
[WhiteElo "2285"]
[BlackElo "2273"]
[PlyCount "59"]
[EventDate "2010.10.16"]
[EventType "team-tourn"]
[EventRounds "11"]
[EventCountry "AUT"]
[SourceTitle "EXT 2012"]
[Source "ChessBase"]
[SourceDate "2011.11.24"]
[SourceVersion "1"]
[SourceVersionDate "2011.11.24"]
[SourceQuality "1"]
[WhiteTeam "Steyregg"]
[BlackTeam "Graz Strassenbahn"]
[WhiteTeamCountry "AUT"]
[BlackTeamCountry "AUT"]

1. d4 Nf6 2. c4 c5 3. d5 e6 4. Nc3 exd5 5. cxd5 d6 6. Nf3 g6 7. Bf4 a6 8. e4 b5 9. Qe2 Be7 10. a4 b4 11. Nb1 0-0 12. Qc2 Re8 13. Nbd2 Bf8 14. Bg5 h6 15. Bxf6 Qxf6 16. Bd3 Bg4 17. 0-0 Nd7 18. a5 Bg7 19. Rab1 Qd8 20. Qa4 Nf6 21. Rfe1 Bd7 22. Qc2 Ng4 23. Nc4 Bb5 24. Nb6 Ra7 25. Qe2 Bxd3 26. Qxd3 Ne5 27. Nxe5 Bxe5 28. g3 Bd4 29. Kg2 Rf8 30. Re2 1/2-1/2

[Event "AUT-chT2M 1011"]
[Site "Austria"]
[Date "2010.11.28"]
[Round "5"]
[White "Pesorda, Ivan"]
[Black "Felsberger, Alfred"]
[Result "1-0"]
[WhiteElo "2273"]
[BlackElo "2370"]
[PlyCount "149"]
[EventDate "2010.10.16"]
[EventType "team-tourn"]
[EventRounds "11"]
[EventCountry "AUT"]
[SourceTitle "EXT 2012"]
[Source "ChessBase"]
[SourceDate "2011.11.24"]
[SourceVersion "1"]
[SourceVersionDate "2011.11.24"]
[SourceQuality "1"]
[WhiteTeam "Graz Strassenbahn"]
[BlackTeam "Ansfelden"]
[WhiteTeamCountry "AUT"]
[BlackTeamCountry "AUT"]

1. d4 Nf6 2. c4 e6 3. Nc3 Bb4 4. Qc2 d6 5. Nf3 Nc6 6. Bg5 h6 7. Bd2 0-0 8. a3 Bxc3 9. Bxc3 a5 10. e3 Re8 11. Bd3 e5 12. dxe5 dxe5 13. Nd2 Nd4 14. Qb1 a4 15. 0-0 Nb3 16. Nxb3 axb3 17. Rd1 Qe7 18. Rd2 Bd7 19. Qd1 Ba4 20. Rc1 Rad8 21. Bb4 c5 22. Ba5 Ra8 23. Bc3 e4 24. Be2 Ra6 25. Qf1 Re6 26. g3 Nh7 27. h4 f5 28. Qh3 Rf8 29. Rd5 g6 30. Kh2 Nf6 31. Rd2 h5 32. Bxf6 Rexf6 33. Qf1 Bc6 34. Bd1 R6f7 35. Bxb3 g5 36. Qe2 f4 37. gxf4 g4 38. Kg3 Qc7 39. Rd5 Bxd5 40. cxd5 Qd6 41. Qc2 b6 42. Qxe4 Rf6 43. a4 Kh8 44. Rc2 Qb8 45. Bc4 Re8 46. Qd3 Qd6 47. Rd2 Kg7 48. Ba2 Kh6 49. Bb1 Re7 50. Qc3 Kg7 51. Ba2 Kh6 52. Rc2 Ra7 53. Bb3 Re7 54. Rd2 Kg7 55. Bc4 Kg6 56. Re2 Kg7 57. Qd2 Ref7 58. Ba6 Rf8 59. Bb5 Kh6 60. e4 Rxf4 61. e5 Qg6 62. Bd3 Qg8 63. Re4 Qxd5 64. Rxf4 Qxe5 65. Qe3 Qd6 66. Bc4 Kg7 67. f3 gxf3 68. Kxf3 Qd1+ 69. Kg2 Qc2+ 70. Kf3 Rxf4+ 71. Qxf4 Qxb2 72. Qg5+ Kf8 73. Qd8+ Kg7 74. Qg8+ Kh6 75. Bd3 1-0

[Event "AUT-chT2M 1011"]
[Site "Austria"]
[Date "2010.10.17"]
[Round "2"]
[White "Pesorda, Ivan"]
[Black "Hartl, Daniel"]
[Result "0-1"]
[WhiteElo "2273"]
[BlackElo "2233"]
[PlyCount "40"]
[EventDate "2010.10.16"]
[EventType "team-tourn"]
[EventRounds "11"]
[EventCountry "AUT"]
[SourceTitle "CBM 138 Extra"]
[Source "ChessBase"]
[SourceDate "2010.10.29"]
[SourceVersion "1"]
[SourceVersionDate "2010.10.29"]
[SourceQuality "1"]
[WhiteTeam "Graz Strassenbahn"]
[BlackTeam "Maria Saal"]
[WhiteTeamCountry "AUT"]
[BlackTeamCountry "AUT"]

1. d4 d5 2. c4 c6 3. Nf3 Nf6 4. e3 Bf5 5. Nc3 e6 6. Nh4 Bg6 7. Nxg6 hxg6 8. Bd2 Nbd7 9. Rc1 Bd6 10. g3 0-0 11. Qc2 dxc4 12. Bxc4 c5 13. dxc5 Bxc5 14. Ne4 Nxe4 15. Qxe4 Qb6 16. Bc3 Bb4 17. 0-0 Bxc3 18. Rxc3 Qxb2 19. Qd4 Rfd8 20. Rd1 Nc5 0-1

[Event "AUT-chT2M 0910"]
[Site "Austria"]
[Date "2010.04.17"]
[Round "10.2"]
[White "Pesorda, Ivan"]
[Black "Rogic, Davor"]
[Result "0-1"]
[WhiteElo "2256"]
[BlackElo "2559"]
[PlyCount "60"]
[EventDate "2009.10.10"]
[EventType "team-tourn"]
[EventRounds "11"]
[EventCountry "AUT"]
[SourceTitle "EXT 2011"]
[Source "ChessBase"]
[SourceDate "2010.11.26"]
[SourceVersion "1"]
[SourceVersionDate "2010.11.26"]
[SourceQuality "1"]
[WhiteTeam "Graz Strassenbahn"]
[BlackTeam "St Veit/Glan"]
[WhiteTeamCountry "AUT"]
[BlackTeamCountry "AUT"]

1. d4 d5 2. c4 c6 3. Nc3 Nf6 4. Nf3 dxc4 5. a4 Bf5 6. e3 e6 7. Bxc4 Bb4 8. 0-0 Nbd7 9. Qe2 Bg4 10. h3 Bxf3 11. Qxf3 0-0 12. Rd1 Qa5 13. Bd2 e5 14. Qf5 exd4 15. Qxa5 Bxa5 16. exd4 Nb6 17. Bb3 Rad8 18. Bg5 Rfe8 19. f3 Rd7 20. Bxf6 gxf6 21. Ne4 Kg7 22. Ng3 Nd5 23. Nh5+ Kg6 24. Bxd5 Kxh5 25. Be4 Kg5 26. Kf1 f5 27. Bc2 Red8 28. Ra3 Bb6 29. d5 cxd5 30. Rad3 d4 0-1

[Event "AUT-chT2M 0910"]
[Site "Austria"]
[Date "2009.10.10"]
[Round "1.4"]
[White "Schreiner, Peter"]
[Black "Pesorda, Ivan"]
[Result "0-1"]
[WhiteElo "2225"]
[BlackElo "2256"]
[PlyCount "96"]
[EventDate "2009.10.10"]
[EventType "team-tourn"]
[EventRounds "11"]
[EventCountry "AUT"]
[SourceTitle "EXT 1999"]
[Source "ChessBase"]
[SourceDate "1998.11.16"]
[SourceVersion "1"]
[SourceVersionDate "1998.11.16"]
[SourceQuality "1"]
[WhiteTeam "Frauental"]
[BlackTeam "Graz Strassenbahn"]
[WhiteTeamCountry "AUT"]
[BlackTeamCountry "AUT"]

1. e4 c5 2. Nf3 e6 3. d4 cxd4 4. Nxd4 Nf6 5. Nc3 d6 6. Be3 Be7 7. f3 Nc6 8. g4 0-0 9. Qd2 d5 10. g5 Nd7 11. exd5 Nxd4 12. Qxd4 Bxg5 13. 0-0-0 exd5 14. Nxd5 Nb6 15. Rg1 Bxe3+ 16. Nxe3 Qxd4 17. Rxd4 Be6 18. Bd3 Rad8 19. Rxd8 Rxd8 20. Be4 Rd7 21. Rd1 Rxd1+ 22. Kxd1 Na4 23. Bxb7 Nxb2+ 24. Kc1 Na4 25. c4 Kf8 26. Kc2 Ke7 27. f4 g6 28. Bc6 Nb6 29. Kc3 Kd6 30. Be4 Kc5 31. Bd3 Na4+ 32. Kb3 Kd4 33. Bf1 Nc5+ 34. Kb4 Nd3+ 35. Bxd3 Kxd3 36. Nd5 Kd4 37. Ne7 Bxc4 38. Nc6+ Kd5 39. Ne5 Bxa2 40. Nxf7 Bb1 41. Ka5 Bd3 42. h4 h5 43. Ne5 Kd4 44. Nc6+ Ke3 45. Nxa7 Kxf4 46. Kb4 Kg4 47. Kc3 Bf5 48. Kd2 Bd7 0-1

[Event "AUT-chT2M 0708"]
[Site "Austria"]
[Date "2008.01.27"]
[Round "7.4"]
[White "Pesorda, Ivan"]
[Black "Aschenbrenner, Robert"]
[Result "0-1"]
[WhiteElo "2270"]
[BlackElo "2304"]
[PlyCount "96"]
[EventDate "2007.10.13"]
[EventType "team"]
[EventRounds "11"]
[EventCountry "AUT"]
[SourceTitle "EXT 2009"]
[Source "ChessBase"]
[SourceDate "2008.11.26"]
[SourceVersion "1"]
[SourceVersionDate "2008.11.26"]
[SourceQuality "1"]
[WhiteTeam "Graz Strassenbahn"]
[BlackTeam "Graz Austria"]
[WhiteTeamCountry "AUT"]
[BlackTeamCountry "AUT"]

1. d4 Nf6 2. c4 g6 3. Nc3 Bg7 4. e4 d6 5. Nf3 Bg4 6. Be2 Bxf3 7. Bxf3 Nfd7 8. Be3 a6 9. Rc1 c5 10. 0-0 Nc6 11. Ne2 Qb6 12. d5 Nce5 13. b3 Nxf3+ 14. gxf3 0-0 15. f4 Qa5 16. Rc2 b5 17. Bd2 Qb6 18. Ng3 b4 19. Qg4 Qc7 20. h4 Nf6 21. Qe2 Qc8 22. f5 e6 23. h5 exf5 24. exf5 Nxh5 25. Nxh5 Qxf5 26. Bf4 gxh5 27. Bh2 Rfe8 28. Qd1 Re4 29. f3 Rd4 30. Qb1 Kh8 31. Re2 Qh3 32. Qe1 Rg8 33. Rg2 Rxd5 34. Kh1 Qxg2+ 35. Kxg2 Bc3+ 36. Kh3 Bxe1 37. cxd5 Bc3 38. Bxd6 Rd8 39. Bxc5 Rxd5 40. Be3 Kg7 41. Kg3 Kf6 42. Rh1 Ke6 43. Kf2 Bf6 44. Rc1 Bc3 45. Rh1 Ra5 46. Kg3 h4+ 47. Rxh4 Be1+ 48. Bf2 Rg5+ 0-1

[Event "AUT-chT2M 0708"]
[Site "Austria"]
[Date "2007.11.10"]
[Round "3.4"]
[White "Neff, Gregor"]
[Black "Pesorda, Ivan"]
[Result "1/2-1/2"]
[WhiteElo "2136"]
[BlackElo "2270"]
[PlyCount "79"]
[EventDate "2007.10.13"]
[EventType "team"]
[EventRounds "11"]
[EventCountry "AUT"]
[SourceTitle "EXT 2009"]
[Source "ChessBase"]
[SourceDate "2008.11.26"]
[SourceVersion "1"]
[SourceVersionDate "2008.11.26"]
[SourceQuality "1"]
[WhiteTeam "Villach Admira"]
[BlackTeam "Graz Strassenbahn"]
[WhiteTeamCountry "AUT"]
[BlackTeamCountry "AUT"]

1. d4 Nf6 2. Nf3 c5 3. g3 b6 4. Bg2 Bb7 5. 0-0 cxd4 6. Nxd4 Bxg2 7. Kxg2 e6 8. c4 Qc8 9. b3 Be7 10. Bb2 0-0 11. Nc3 Qb7+ 12. Kg1 Rd8 13. Qd3 Na6 14. Rad1 d5 15. cxd5 Nb4 16. Qf3 Nbxd5 17. Nxd5 Nxd5 18. Nb5 Qc6 19. a4 a6 20. Nd4 Qb7 21. Rc1 Rac8 22. Rxc8 Rxc8 23. Rc1 Rxc1+ 24. Bxc1 Qc8 25. Bd2 Bf6 26. e4 Ne7 27. Qe3 h6 28. f4 Qc5 29. Ne2 Qc6 30. Nd4 Qc5 31. Ne2 Qc2 32. Kf2 Bb2 33. Nd4 Qd1 34. Nf3 Nc6 35. Qxb6 Bd4+ 36. Nxd4 Qxd2+ 37. Ne2 Nb4 38. Qd4 Nd3+ 39. Kf3 Ne1+ 40. Kf2 1/2-1/2

[Event "AUT-chT2M 0708"]
[Site "Austria"]
[Date "2007.10.13"]
[Round "1.2"]
[White "Pesorda, Ivan"]
[Black "Manca, Federico"]
[Result "1-0"]
[WhiteElo "2270"]
[BlackElo "2405"]
[PlyCount "89"]
[EventDate "2007.10.13"]
[EventType "team"]
[EventRounds "11"]
[EventCountry "AUT"]
[SourceTitle "EXT 2009"]
[Source "ChessBase"]
[SourceDate "2008.11.26"]
[SourceVersion "1"]
[SourceVersionDate "2008.11.26"]
[SourceQuality "1"]
[WhiteTeam "Graz Strassenbahn"]
[BlackTeam "Leoben"]
[WhiteTeamCountry "AUT"]
[BlackTeamCountry "AUT"]

1. d4 Nf6 2. c4 g6 3. Nc3 Bg7 4. e4 d6 5. f4 0-0 6. Nf3 Na6 7. Bd3 e5 8. fxe5 dxe5 9. d5 Nc5 10. Bc2 a5 11. 0-0 Nfd7 12. Rb1 f5 13. Be3 f4 14. Bf2 g5 15. a3 b6 16. b4 Nb7 17. Ne1 Nf6 18. Kh1 Ng4 19. Bg1 Nxh2 20. Bxh2 g4 21. Ne2 g3 22. Nxg3 fxg3 23. Rxf8+ Bxf8 24. Bxg3 Qg5 25. Bh2 Bg4 26. Nf3 Bxf3 27. Qxf3 axb4 28. axb4 Bxb4 29. Rxb4 Ra1+ 30. Rb1 Rxb1+ 31. Bxb1 Qc1+ 32. Bg1 Qxb1 33. Qg4+ Kf7 34. Qe6+ Kg7 35. Qxe5+ Kf7 36. Qe6+ Kg7 37. Qd7+ Kg6 38. Qg4+ Kf7 39. Kh2 Nd6 40. Qe6+ Kf8 41. Be3 Nf7 42. Qc8+ Ke7 43. Qxc7+ Kf8 44. Qc8+ Ke7 45. Qe6+ 1-0

[Event "AUT-chT2M 0607"]
[Site "Austria"]
[Date "2007.03.04"]
[Round "9.5"]
[White "Pesorda, Ivan"]
[Black "Ertl, Johann"]
[Result "1-0"]
[WhiteElo "2250"]
[BlackElo "2217"]
[PlyCount "49"]
[EventDate "2006.10.28"]
[EventType "team-tourn"]
[EventRounds "11"]
[EventCountry "AUT"]
[SourceTitle "EXT 2007"]
[Source "ChessBase"]
[SourceDate "2006.11.23"]
[SourceVersion "1"]
[SourceVersionDate "2006.11.23"]
[SourceQuality "1"]
[WhiteTeam "Graz Strassenbahn"]
[BlackTeam "Maria Saal"]
[WhiteTeamCountry "AUT"]
[BlackTeamCountry "AUT"]

1. d4 Nf6 2. c4 g6 3. Nc3 Bg7 4. e4 d6 5. f4 0-0 6. Nf3 c5 7. d5 e6 8. Be2 exd5 9. cxd5 b5 10. e5 dxe5 11. fxe5 Ng4 12. Bg5 Qb6 13. 0-0 Nd7 14. e6 fxe6 15. dxe6 Qxe6 16. Nxb5 Rb8 17. Nc7 Qe4 18. Bd3 Bd4+ 19. Kh1 Rxf3 20. Rxf3 Qc6 21. Bc4+ Kh8 22. Ne6 Bxb2 23. Rb1 Nge5 24. Nd8 Qe4 25. Rf8+ 1-0